000 00964cab a2200205 4500
001 ABS42398
008 090401t1990 xxu||||| |||| 00| 0 eng d
035 _a(Sirsi) u36563
041 _aeng
245 _aFinance
260 _c1990
350 _a0
490 _aWorld Property
_vMarch 1990, 29-45(15)
520 _aSpecial feature on property finance in the UK and abroad including article on innovative financial packages including mezzanine finance ; the role of mergers and acquisitions ; the influence of the Japan ese in the USA home mortgage market; the use of creative financing ; the change in the markets in the US at which finance is being directed; the role of US pension funds in Europe ; American investment in Asia ; the investment by the USA in Japanese golf courses and the growing emergence of Canadian finance in Britain.
650 _aCANADA
650 _aOLYMPIA AND YORK
690 _aOVERSEAS
942 _n0
948 _c04/03/1997
999 _c23696
_d23696